[Event "Biel Chess Festival 2024 - Master tournament"]
[Site "Biel/Bienne"]
[Date "2024.07.20"]
[Round "6"]
[Board "1"]
[White "Mendonca, Leon Luke"]
[Black "Moiseenko, Alexander"]
[Result "1-0"]
[WhiteElo "2615"]
[BlackElo "2570"]
[PlyCount "0"]
[EventDate "2024.07.15"]
[EventRounds "10"]
[EventCountry "SUI"]

1. e4 c5 2. Nf3 Nc6 3. d4 cxd4 4. Nxd4 Nf6 5. Nc3 e5 6. Ndb5 d6 7. Nd5 Nxd5 8. exd5
Nb8 9. a4 Be7 10. Be2 O-O 11. O-O Nd7 12. b4 a6 13. Na3 b6 14. Kh1 f5 15. f4 Bb7
16. Nc4 Qc7 17. Ra3 a5 18. b5 Rad8 19. fxe5 Nxe5 20. Rc3 Nd7 21. Rg3 Nc5 22. Bd3
Ne4 23. Bxe4 Qxc4 24. Bxf5 Bf6 25. Be6+ Kh8 26. Rgf3 Qxa4 27. Bb2 Qxb5 28. Bxf6 Rxf6
29. Rxf6 gxf6 30. Qa1  1-0

[Event "Biel Chess Festival 2024 - Master tournament"]
[Site "Biel/Bienne"]
[Date "2024.07.20"]
[Round "6"]
[Board "2"]
[White "Sokolovsky, Yahli"]
[Black "Aryan, Chopra"]
[Result "0-1"]
[WhiteElo "2516"]
[BlackElo "2632"]
[PlyCount "0"]
[EventDate "2024.07.15"]
[EventRounds "10"]
[EventCountry "SUI"]

1. e4 e6 2. d4 d5 3. e5 c5 4. c3 Nc6 5. Nf3 Qb6 6. Bd3 cxd4 7. O-O Bd7 8. Re1 Nge7
9. h4 a6 10. Nbd2 dxc3 11. bxc3 Ng6 12. Nb3 Qc7 13. Qe2 f6 14. exf6 gxf6 15. Rb1
Bd6 16. Nbd4 Nce5 17. Bh6 Nxd3 18. Qxd3 Ne5 19. Nxe5 fxe5 20. Bg5 O-O 21. Nc2 e4
22. Qd2 b5 23. Ne3 Bh2+ 24. Kh1 Bf4 25. g3 Be5 26. Ng4 Bg7 27. Rbc1 Be8 28. Bf4 Qe7
29. Bg5 Qb7 30. Be3 Bh5 31. Nh2 Qf7 32. Kg1 Qf5 33. Kg2 Rf7 34. a4 bxa4 35. Qa2 Rc8
36. Qxa4 Rc4 37. Qxa6 Bf3+ 38. Nxf3 exf3+ 39. Kh2 Rxh4+  0-1

[Event "Biel Chess Festival 2024 - Master tournament"]
[Site "Biel/Bienne"]
[Date "2024.07.20"]
[Round "6"]
[Board "3"]
[White "Sasikiran, Krishnan"]
[Black "Jumabayev, Rinat"]
[Result "1/2-1/2"]
[WhiteElo "2581"]
[BlackElo "2565"]
[PlyCount "0"]
[EventDate "2024.07.15"]
[EventRounds "10"]
[EventCountry "SUI"]

1. d4 Nf6 2. c4 e6 3. Nc3 Bb4 4. a3 Bxc3+ 5. bxc3 Nc6 6. f3 b6 7. e4 d6 8. Bd3 Na5
9. f4 Bb7 10. Qe2 Nb3 11. Rb1 Nxc1 12. Rxc1 e5 13. fxe5 dxe5 14. Nf3 Nd7 15. O-O
Qe7  1/2-1/2

[Event "Biel Chess Festival 2024 - Master tournament"]
[Site "Biel/Bienne"]
[Date "2024.07.20"]
[Round "6"]
[Board "4"]
[White "Harsha, Bharathakoti"]
[Black "Madaminov, Mukhiddin"]
[Result "1/2-1/2"]
[WhiteElo "2569"]
[BlackElo "2512"]
[PlyCount "0"]
[EventDate "2024.07.15"]
[EventRounds "10"]
[EventCountry "SUI"]

1. d4 Nf6 2. c4 e6 3. Nf3 d5 4. Nc3 c5 5. cxd5 cxd4 6. Qxd4 exd5 7. e4 dxe4 8. Qxd8+
Kxd8 9. Ng5 Be6 10. a3 Nbd7 11. Ncxe4 Nxe4 12. Nxe4 Rc8 13. Be3 a6 14. Be2 Bd5 15.
Bf3 Bc6 16. O-O Ne5 17. Bb6+ Kd7 18. Rfe1 Nxf3+ 19. gxf3 Bxe4 20. Rxe4 Bd6 21. Rd1
Rhe8 22. Rh4 h6 23. Bd4 f6 24. Bc3 Rc6 25. Rg4 Re7 26. h3 Ke8 27. Rd3 Kf7 28. Re4
h5 29. Kf1 Bc7 30. Rd5 g6 31. Bb4 Rxe4 32. fxe4 Ke6 33. Rd2 a5 34. Bc3 Be5 35. Bxa5
Rc1+ 36. Ke2 g5 37. Bb4 h4 38. Kf3 Rg1 39. Ke2 g4 40. Rd3 Rh1 41. hxg4 h3 42. Bd2
h2 43. Rh3 Rg1 44. f4 h1=Q 45. Rxh1 Rxh1 46. fxe5 Kxe5 47. Bc3+ Kxe4 48. Bxf6 Rh2+
49. Kd1 Kd3 50. Ke1  1/2-1/2

[Event "Biel Chess Festival 2024 - Master tournament"]
[Site "Biel/Bienne"]
[Date "2024.07.20"]
[Round "6"]
[Board "5"]
[White "Koustav, Chatterjee"]
[Black "Sethuraman, S.P."]
[Result "1/2-1/2"]
[WhiteElo "2525"]
[BlackElo "2589"]
[PlyCount "0"]
[EventDate "2024.07.15"]
[EventRounds "10"]
[EventCountry "SUI"]

1. d4 Nf6 2. c4 d6 3. Nf3 g6 4. Nc3 Bf5 5. Qb3 Qc8 6. g3 Bg7 7. Bg2 Nc6 8. d5 Nd8
9. O-O Bh3 10. e4 Bxg2 11. Kxg2 O-O 12. h3 Nd7 13. Be3 c5 14. Qc2 e5 15. Ne1 f6 16.
Nd3 Nf7 17. Rae1 Re8 18. f4 exf4 19. gxf4 Nb6 20. b3 f5 21. e5 dxe5 22. fxe5 Nxe5
23. Nxc5 Nexc4 24. bxc4 Rxe3 25. Rxe3 Qxc5 26. Qe2 Rf8 27. Rff3 Nxc4 28. Re7 f4 29.
Qe6+ Kh8 30. Ne4 Ne3+ 31. Kh2 Qxd5 32. Qxd5 Nxd5 33. Rd7 Ne3 34. Ng5 Rf5 35. Ne6
Bf6 36. Rxb7 Kg8 37. Rxa7 g5 38. Rf2 Rd5 39. Rb7 Rd1 40. Rb5 h6 41. Nxf4 gxf4 42.
Rxf4 Kg7 43. Rb7+ Kg6 44. Rb6 Rd2+ 45. Kh1 Rd1+ 46. Kh2 Rd2+ 47. Kh1  1/2-1/2

[Event "Biel Chess Festival 2024 - Master tournament"]
[Site "Biel/Bienne"]
[Date "2024.07.20"]
[Round "6"]
[Board "6"]
[White "Nesterov, Arseniy"]
[Black "Holzke, Frank"]
[Result "1-0"]
[WhiteElo "2602"]
[BlackElo "2450"]
[PlyCount "0"]
[EventDate "2024.07.15"]
[EventRounds "10"]
[EventCountry "SUI"]

1. d4 Nf6 2. c4 g6 3. Nc3 d5 4. cxd5 Nxd5 5. e4 Nxc3 6. bxc3 Bg7 7. Bc4 c5 8. Ne2
Nc6 9. Be3 O-O 10. h4 cxd4 11. cxd4 Qa5+ 12. Kf1 Qa3 13. h5 Rd8 14. Rb1 Bg4 15. hxg6
hxg6 16. d5 Rac8 17. Bb3 Na5 18. f3 Bd7 19. Qd2 Nxb3 20. Rxb3 Qa6 21. Kf2 Ba4 22.
Rc3 Rxc3 23. Nxc3 Qc4 24. Rc1 f5 25. Ne2 Qa6 26. exf5 gxf5 27. Nf4 Qb5 28. Rc5 Qb2
29. Qxb2 Bxb2 30. Ne6 Rd6 31. Rc8+ Kf7 32. Rf8+ Kg6 33. Ra8 Kf7 34. Rxa7 b5 35. Bg5
Kg6 36. Rxe7 Bf6 37. Bxf6 Kxf6 38. Re8 b4 39. Rd8 Ke5 40. Rxd6 Kxd6 41. Nf4 b3 42.
axb3 Bxb3 43. Ke3 Ke5 44. Ng6+ Kxd5 45. Kf4 Ke6 46. Nh4 Bc2 47. Kg5 Bd3 48. f4 Be4
49. g3  1-0

[Event "Biel Chess Festival 2024 - Master tournament"]
[Site "Biel/Bienne"]
[Date "2024.07.20"]
[Round "6"]
[Board "7"]
[White "Ganguly, Surya Shekhar"]
[Black "Gan-Erdene, Sugar"]
[Result "0-1"]
[WhiteElo "2592"]
[BlackElo "2407"]
[PlyCount "0"]
[EventDate "2024.07.15"]
[EventRounds "10"]
[EventCountry "SUI"]

1. c4 c5 2. Nf3 Nc6 3. d4 cxd4 4. Nxd4 Nf6 5. Nc3 Qb6 6. Be3 Ng4 7. Nd5 Nxe3 8. Nxb6
Nxd1 9. Nxa8 Nxb2 10. e3 e5 11. Nc2 Kd8 12. a4 e4 13. a5 Nd3+ 14. Kd2 Nxf2 15. Rg1
Ng4 16. Be2 Nge5 17. Rgb1 Bc5 18. Kc3 d6 19. Nd4 Re8 20. Nb5 Re6 21. Nac7 Rg6 22.
a6 bxa6 23. Nxa6 Bxe3 24. Rd1 Bxa6 25. Rxa6 Bc5 26. g4 Kd7 27. h4 Rf6 28. Ra2 h6
29. g5 hxg5 30. hxg5 Rg6 31. Bf1 Rxg5 32. Nxd6 Rg3+ 33. Kb2 Bxd6 34. c5 Nd3+  0-1

[Event "Biel Chess Festival 2024 - Master tournament"]
[Site "Biel/Bienne"]
[Date "2024.07.20"]
[Round "6"]
[Board "8"]
[White "Gavrilescu, David"]
[Black "Juksta, Karolis"]
[Result "1-0"]
[WhiteElo "2540"]
[BlackElo "2400"]
[PlyCount "0"]
[EventDate "2024.07.15"]
[EventRounds "10"]
[EventCountry "SUI"]

1. e4 e5 2. Nf3 Nf6 3. d4 Nxe4 4. dxe5 d5 5. Nbd2 Nxd2 6. Bxd2 Be7 7. Bd3 c5 8. c3
Nc6 9. h3 Be6 10. Qe2 h6 11. Rd1 Qd7 12. a3 O-O 13. O-O Bf5 14. c4 d4 15. Ne1 f6
16. f4 Rae8 17. Qh5 Bxd3 18. Nxd3 f5 19. Qf3 Qe6 20. Qd5 Kf7 21. Nxc5 Qxd5 22. cxd5
Bxc5 23. dxc6 bxc6 24. Rc1 Bb6 25. Rxc6 d3+ 26. Kh2 Rc8 27. Rfc1 Rxc6 28. Rxc6 Rd8
29. Kg3 Rd4 30. Kf3 Re4 31. Rd6 Bd4 32. g4 g6 33. b4 Re2 34. Rxd4 Rxd2 35. gxf5 gxf5
36. Rd7+ Kg6 37. Rxa7 Rh2 38. Kg3 Ra2 39. Kh4 Rf2 40. Ra6+ Kg7 41. Rd6 Rxf4+ 42.
Kg3  1-0

[Event "Biel Chess Festival 2024 - Master tournament"]
[Site "Biel/Bienne"]
[Date "2024.07.20"]
[Round "6"]
[Board "9"]
[White "Petkidis, Anthony"]
[Black "Kobo, Ori"]
[Result "1-0"]
[WhiteElo "2428"]
[BlackElo "2529"]
[PlyCount "0"]
[EventDate "2024.07.15"]
[EventRounds "10"]
[EventCountry "SUI"]

1. e4 e6 2. d4 d5 3. e5 c5 4. c3 Qa5 5. a3 Bd7 6. Nf3 Nc6 7. dxc5 Qc7 8. Bf4 Bxc5
9. b4 Be7 10. Bd3 g5 11. Nxg5 Nxe5 12. O-O Nf6 13. Nf3 Nfg4 14. Nxe5 Nxe5 15. Re1
Bd6 16. Bf1 Nf3+ 17. Qxf3 Bxf4 18. g3 Be5 19. Qh5 Bg7 20. Qxd5 O-O-O 21. Qh5 Ba4
22. Ra2 Kb8 23. Rd2 Rxd2 24. Nxd2 Qxc3 25. Nf3 Rc8 26. Re3 Qf6 27. Qa5 Be8 28. b5
Bf8 29. Kg2 Bc5 30. Rb3 Qe7 31. Bd3 f6 32. a4 Bf7 33. Qe1 h5 34. a5 Qd7 35. Be4 e5
36. Rb1 Ba2 37. Rb2 Be6 38. Qe2 Bh3+ 39. Kh1 Ba3 40. Rc2 Rxc2 41. Bxc2 Bg4 42. a6
Qc7 43. Qe4 Bc5 44. Kg2 bxa6 45. bxa6 Bc8 46. Bd3 Bb6 47. Qe2 Bg4 48. h3 Bc8 49.
Nh4 Qc5 50. Qf3 Qa3 51. Qe2 Bd7 52. Qf3 Bc8 53. Qe2 Qc3 54. Nf5 Bxf5 55. Bxf5 h4
56. gxh4 Qd4 57. h5 Qf4 58. Qc2 Bc5 59. Qxc5 Qxf5 60. Qc6 Qg5+ 61. Kh1  1-0

[Event "Biel Chess Festival 2024 - Master tournament"]
[Site "Biel/Bienne"]
[Date "2024.07.20"]
[Round "6"]
[Board "10"]
[White "Chinguun, Sumiya"]
[Black "Xiao, Tong(Qd)"]
[Result "0-1"]
[WhiteElo "2377"]
[BlackElo "2518"]
[PlyCount "0"]
[EventDate "2024.07.15"]
[EventRounds "10"]
[EventCountry "SUI"]

1. e4 c5 2. Nf3 d6 3. d4 cxd4 4. Nxd4 Nf6 5. Nc3 Nc6 6. Bg5 Bd7 7. Be2 a6 8. Nxc6
Bxc6 9. Bxf6 gxf6 10. O-O Bg7 11. Bd3 h5 12. Nd5 e6 13. Re1 f5 14. Qf3 Be5 15. Nb4
f4 16. Nxc6 bxc6 17. c3 Qb6 18. Rab1 Ke7 19. Be2 a5 20. a4 Qc5 21. Rec1 Rab8 22.
Qd3 h4 23. h3 Rhg8 24. b4 Qa7 25. b5 cxb5 26. Rxb5 Rxb5 27. Qxb5 Rb8 28. Qd3 Qc5
29. Qc4 Qxc4 30. Bxc4 Rb2 31. Kf1 Kd8 32. Ke1 Ke7 33. Be2 Ra2 34. Bd1 Ra3 35. c4
Bd4 36. Ke2 Kf6 37. Rb1 Ra2+ 38. Kd3 Bc5 39. Bc2 Bb4 40. f3 Ke5 41. Rd1 Ra3+ 42.
Ke2 Re3+ 43. Kf1 Rc3 44. Bd3 Ra3 45. Bc2 Ra2 46. Bb3 Rb2 47. Rd3 Bc5 48. Bd1 Rf2+
49. Ke1 Rxg2 50. Be2 Rh2 51. Bf1 Ra2 52. Be2 Rxa4 53. Rd1 Ra2 54. Rb1 a4 55. Bd1
Rh2  0-1

[Event "Biel Chess Festival 2024 - Master tournament"]
[Site "Biel/Bienne"]
[Date "2024.07.20"]
[Round "6"]
[Board "11"]
[White "Balabayeva, Xeniya"]
[Black "Macovei, Andrei"]
[Result "1/2-1/2"]
[WhiteElo "2210"]
[BlackElo "2479"]
[PlyCount "0"]
[EventDate "2024.07.15"]
[EventRounds "10"]
[EventCountry "SUI"]

1. d4 Nf6 2. Nf3 e6 3. Bf4 b6 4. Nbd2 Bb7 5. h3 g6 6. e3 Bg7 7. Bd3 O-O 8. e4 Nc6
9. c3 d6 10. Qe2 Nd7 11. O-O a5 12. Qe3 e5 13. dxe5 Ncxe5 14. Nxe5 Nxe5 15. Bxe5
dxe5 16. Bc4 a4 17. Rad1 Qe7 18. a3 Rfd8 19. Nf3 Bf6 20. g3 Kg7 21. h4 h6 22. Nh2
Rxd1 23. Rxd1 Rd8 24. Rxd8 Qxd8 25. Qe2 Qa8 26. Bd3 h5 27. Nf3 Bc6 28. Kf1 Kf8 29.
Ng5 Kg7 30. Nf3 Qa5 31. Bc4 Qc5 32. Qd3 Be7 33. Ng5 Be8 34. Qd5 Qxd5 35. Bxd5 Bc5
36. Bc4 Kf8 37. Ke2 Ke7 38. f4 f6 39. Ne6 Bd6 40. f5 gxf5 41. exf5 e4 42. Nf4 Bd7
43. Nd5+ Kd8 44. Nxf6 Bxf5 45. Kf2 Bc5+ 46. Ke1 Be3 47. Kd1 Bf2 48. Nxh5 Bg4+ 49.
Be2 Bxh5 50. Bxh5 Bxg3 51. Bg6 Bxh4 52. Bxe4  1/2-1/2

[Event "Biel Chess Festival 2024 - Master tournament"]
[Site "Biel/Bienne"]
[Date "2024.07.20"]
[Round "6"]
[Board "12"]
[White "Assaubayeva, Bibisara"]
[Black "Haimovich, Tal"]
[Result "1-0"]
[WhiteElo "2472"]
[BlackElo "2324"]
[PlyCount "0"]
[EventDate "2024.07.15"]
[EventRounds "10"]
[EventCountry "SUI"]

1. c4 Nf6 2. Nf3 c6 3. g3 d5 4. Bg2 Bg4 5. Ne5 Bf5 6. cxd5 cxd5 7. Nc3 e6 8. g4 Bg6
9. h4 Bd6 10. d4 h6 11. Nxg6 fxg6 12. Qd3 Kf7 13. g5 hxg5 14. hxg5 Rxh1+ 15. Bxh1
Nh7 16. Nxd5 Nxg5 17. Nc3 Nc6 18. Qb5 Nxd4 19. Qxb7+ Be7 20. Bxg5 Rb8 21. Qxe7+ Qxe7
22. Bxe7 Nc2+ 23. Kd2 Nxa1 24. Ba3 g5 25. Kc1 Rh8 26. Be4  1-0

[Event "Biel Chess Festival 2024 - Master tournament"]
[Site "Biel/Bienne"]
[Date "2024.07.20"]
[Round "6"]
[Board "14"]
[White "Materia, Marco"]
[Black "Lyutsinger, Iren"]
[Result "1-0"]
[WhiteElo "2453"]
[BlackElo "2088"]
[PlyCount "0"]
[EventDate "2024.07.15"]
[EventRounds "10"]
[EventCountry "SUI"]

1. d4 Nf6 2. c4 e6 3. Nf3 b6 4. a3 Bb7 5. Bf4 c5 6. Nc3 cxd4 7. Qxd4 Nc6 8. Qd3 Nh5
9. Bg5 Be7 10. Bxe7 Qxe7 11. g3 O-O 12. Bg2 Rac8 13. O-O Na5 14. Nd2 Ba6 15. b4 Nxc4
16. b5 Nxd2 17. Qxd2 Qc5 18. bxa6 Qxc3 19. Qxd7 Rc7 20. Qd6 Nf6 21. Rfd1 Nd7 22.
a4 g6 23. Bb7 Ne5 24. Qd4 Qa5 25. Rac1 Rd7 26. Qf4 Rxd1+ 27. Rxd1 Qc5 28. Kg2 Qc7
29. Rd4 Qc5 30. h3 Qa5 31. Qe4 f5 32. Qh4 Qc5 33. Rd8 Nf7 34. Rxf8+ Qxf8 35. Qc4
Qd6 36. Qc8+ Kg7 37. Qa8 f4 38. Qxa7 fxg3 39. fxg3 Kh6 40. a5 Qe5 41. Qxb6 Nd6 42.
Qxd6 Qxd6 43. a7 Qe5 44. Bf3 Qxa5 45. a8=Q Qc5 46. Qe8 e5 47. Qf7 Qd6 48. h4 Qd8
49. g4 g5 50. Qe6+ Kg7 51. Qxe5+ Kh6 52. Qxg5+  1-0

[Event "Biel Chess Festival 2024 - Master tournament"]
[Site "Biel/Bienne"]
[Date "2024.07.20"]
[Round "6"]
[Board "16"]
[White "Bilguun, Sumiya"]
[Black "Nurman, Alua"]
[Result "1/2-1/2"]
[WhiteElo "2458"]
[BlackElo "2266"]
[PlyCount "0"]
[EventDate "2024.07.15"]
[EventRounds "10"]
[EventCountry "SUI"]

1. e4 c5 2. Nc3 d6 3. f4 Nc6 4. Nf3 g6 5. Bb5 Bd7 6. Bc4 Bg7 7. O-O Nd4 8. e5 Bc6
9. Nxd4 cxd4 10. Nb5 dxe5 11. fxe5 Nh6 12. d3 O-O 13. Bf4 a6 14. Na3 b5 15. Bb3 Nf5
16. Qe2 Qb6 17. e6 f6 18. Kh1  1/2-1/2

[Event "Biel Chess Festival 2024 - Master tournament"]
[Site "Biel/Bienne"]
[Date "2024.07.20"]
[Round "6"]
[Board "18"]
[White "Fromm, Marius"]
[Black "Emmenecker, Pierre-Antoine"]
[Result "1/2-1/2"]
[WhiteElo "2448"]
[BlackElo "2318"]
[PlyCount "0"]
[EventDate "2024.07.15"]
[EventRounds "10"]
[EventCountry "SUI"]

1. e4 e5 2. Nf3 Nc6 3. Bb5 a6 4. Ba4 Bc5 5. c3 Nge7 6. d4 exd4 7. cxd4 Bb4+ 8. Bd2
Bxd2+ 9. Qxd2 d5 10. exd5 Qxd5 11. Nc3 Qe6+ 12. Qe3 O-O 13. O-O Qd6 14. Rad1 Nb4
15. Ne4 Qb6 16. Bb3 Nbd5 17. Qg5 c6 18. Rfe1 Qd8 19. Nc5 b6 20. Nd3 Be6 21. Rc1 f6
22. Qd2 Qd6 23. Re4 Bf7 24. Rce1 Rae8 25. g3 Ng6 26. Rxe8 Rxe8 27. Rxe8+ Bxe8 28.
Nb4 a5 29. Nxd5 cxd5 30. a3 Ne7 31. Nh4 Kf8 32. Ng2 Bd7 33. Ne3 Be6 34. Qd3 Kg8 35.
h4 g6 36. Qb5 Qd8 37. Bd1 Bf7 38. Bf3 Kg7 39. Nd1 Nf5 40. Qd3 Qc7 41. Qc3 Qd7 42.
Ne3 Nxe3 43. Qxe3 Qc7 44. Kg2 Qc4 45. Qd2 Be6 46. Be2 Qc7 47. Qe3 Bf7 48. Bd3 Qc6
49. Qe7 h6 50. h5 gxh5 51. Bf5 Kg8 52. Bd7 Qc7 53. Kh3 Kg7  1/2-1/2

[Event "Biel Chess Festival 2024 - Master tournament"]
[Site "Biel/Bienne"]
[Date "2024.07.20"]
[Round "6"]
[Board "23"]
[White "Dotzer, Lukas"]
[Black "Harish, Neeraj"]
[Result "1-0"]
[WhiteElo "2375"]
[BlackElo "2123"]
[PlyCount "0"]
[EventDate "2024.07.15"]
[EventRounds "10"]
[EventCountry "SUI"]

1. e4 c5 2. Nf3 Nc6 3. d4 cxd4 4. Nxd4 Nf6 5. Nc3 e6 6. Nxc6 bxc6 7. e5 Nd5 8. Ne4
Qc7 9. f4 Qb6 10. c4 Bb4+ 11. Ke2 f5 12. exf6 Nxf6 13. Be3 Qd8 14. Nd6+ Bxd6 15.
Qxd6 Bb7 16. Rd1 Rc8 17. Qc5 Qb6 18. Qxb6 axb6 19. Bxb6 c5 20. Rd2 Ne4 21. Rc2 Ra8
22. Ke3 Rxa2 23. Bd3 Ra6 24. Bc7 Nf6 25. b4 cxb4 26. Rb1 Rc6 27. Be5 Ng4+ 28. Kd2
Nxe5 29. fxe5 O-O 30. Rxb4 Ba6 31. Ke3 Rc5 32. Kd4 Ra5 33. g3 g6 34. Rcb2 Rc8 35.
Rb8 Rc5 36. R2b6 Rc7 37. Rxc8+ Bxc8 38. Rb8 Kf7 39. Ra8 Ke7 40. c5 Kf7 41. Be4 h6
42. h4 g5 43. h5 g4 44. Bd3 Ke7 45. Be2 Kd8 46. Bxg4 Rb7 47. Be2 Rb4+ 48. Kc3 Re4
49. Ba6 Rxe5 50. Rxc8+ Ke7 51. g4 Kf6 52. Kd2 Kg7 53. Rc7 Rd5+ 54. Ke3 Kf6 55. Bc8
Ke7 56. Rxd7+ Rxd7 57. Bxd7 Kxd7 58. g5 hxg5 59. h6 g4 60. h7 g3 61. h8=Q  1-0

[Event "Biel Chess Festival 2024 - Master tournament"]
[Site "Biel/Bienne"]
[Date "2024.07.20"]
[Round "6"]
[Board "24"]
[White "Collin, Moritz Valentin"]
[Black "Rosen, Eric"]
[Result "0-1"]
[WhiteElo "2255"]
[BlackElo "2374"]
[PlyCount "0"]
[EventDate "2024.07.15"]
[EventRounds "10"]
[EventCountry "SUI"]

1. d4 d5 2. c4 e6 3. Nc3 Nf6 4. cxd5 exd5 5. Bg5 Be7 6. e3 h6 7. Bh4 Bg4 8. Qc2 O-O
9. Bd3 c5 10. dxc5 d4 11. exd4 Qxd4 12. f3 Be6 13. Bf2 Qe5+ 14. Qe2 Qc7 15. Nb5 Qa5+
16. Kf1 Na6 17. a3 Rfd8 18. Be1 Qa4 19. Bc2 Qf4 20. g3 Qg5 21. b4 Ng4 22. Nh3 Qe5
23. Qxe5 Nxe5 24. Kg2 Nxf3 25. Kxf3 Bxh3 26. g4 h5 27. gxh5 Bd7 28. Nc3 Bf6 29. Be4
Bc6 30. Rd1 Rxd1 31. Nxd1 Rd8 32. Bg3 Rd3+ 33. Ne3 Rxa3 34. Bxc6 bxc6 35. Ke4 Nxb4
36. Ng4 Nd5 37. Re1 Bc3 38. Rb1 Bb4 39. h6 Nc3+  0-1

[Event "Biel Chess Festival 2024 - Master tournament"]
[Site "Biel/Bienne"]
[Date "2024.07.20"]
[Round "6"]
[Board "34"]
[White "Jain, Kashish Manoj"]
[Black "Haugner, Jan"]
[Result "1-0"]
[WhiteElo "2308"]
[BlackElo "2067"]
[PlyCount "0"]
[EventDate "2024.07.15"]
[EventRounds "10"]
[EventCountry "SUI"]

1. e4 c5 2. Nf3 d6 3. Bb5+ Nd7 4. Ba4 Nf6 5. O-O a6 6. c4 g6 7. Nc3 Bg7 8. d3 O-O
9. h3 Nb6 10. Bc2 e6 11. a4 Qc7 12. Bf4 Nbd7 13. a5 Ne5 14. Nxe5 dxe5 15. Be3 Bd7
16. Qb1 Rfb8 17. b4 Bf8 18. b5 Qd8 19. Qb2 axb5 20. Nxb5 Bxb5 21. Qxb5 Qc7 22. Bd2
Nh5 23. g3 Nf6 24. Qb2 Rd8 25. Bc3 Bd6 26. Rfb1 Ra7 27. Ra3 Nd7 28. Rb3 Rb8 29. Rb6
Ra6 30. Rxb7 Rxb7 31. Qxb7 Ra7 32. Qxc7 Bxc7 33. Ba4 Nb8 34. Bb5 Kf8 35. Ra1 Ke7
36. Kg2 Kd6 37. f4 f6 38. fxe5+ fxe5 39. Rf1 Ke7 40. a6 Ra8 41. Bd2 Nc6 42. Bxc6
Rxa6 43. Bg5+ Kd6 44. Bb5  1-0

[Event "Biel Chess Festival 2024 - Master tournament"]
[Site "Biel/Bienne"]
[Date "2024.07.20"]
[Round "6"]
[Board "39"]
[White "Boldoo, Erdenepurev"]
[Black "Kwiatkowski, Jakub"]
[Result "1-0"]
[WhiteElo "2385"]
[BlackElo "2031"]
[PlyCount "0"]
[EventDate "2024.07.15"]
[EventRounds "10"]
[EventCountry "SUI"]

1. d4 Nf6 2. c4 e6 3. Nc3 Bb4 4. e3 O-O 5. Ne2 d5 6. a3 Be7 7. cxd5 exd5 8. Nf4 c6
9. Bd3 Re8 10. O-O Nbd7 11. Bd2 Nf8 12. b4 Ne6 13. f3 Nxf4 14. exf4 Qb6 15. Ne2 Bd6
16. Rb1 Qc7 17. g3 Nd7 18. Qc2 h6 19. f5 Nf6 20. Nf4 Bd7 21. Rfc1 Qb6 22. Qc3 Rac8
23. Ng2 Qc7 24. Be3 a6 25. Qd2 Re7 26. Bxh6 gxh6 27. Qxh6 Qd8 28. Qg5+ Kf8 29. Qh6+
Kg8 30. g4 Re8 31. g5 Bf8 32. Qxf6 Bg7 33. Qd6 Bxd4+ 34. Kh1 Qe7 35. Qh6 f6 36. Qh4
Be5 37. g6 Qg7 38. Nf4 Bxf4 39. Qxf4 Re5 40. Rg1 Rce8 41. Rg4 Qe7 42. Rh4 Bxf5 43.
Bxf5 Re1+ 44. Kg2 Rxb1 45. Bxb1 Qe2+ 46. Kh3 Qf1+ 47. Kg4 Qg1+ 48. Qg3 Qxb1 49. Rh8+
Kg7 50. Qc7+ Kxg6 51. Qh7#  1-0

[Event "Biel Chess Festival 2024 - Master tournament"]
[Site "Biel/Bienne"]
[Date "2024.07.20"]
[Round "6"]
[Board "48"]
[White "Pouly, Ivan"]
[Black "Schnell, Simon"]
[Result "0-1"]
[WhiteElo "1958"]
[BlackElo "2141"]
[PlyCount "0"]
[EventDate "2024.07.15"]
[EventRounds "10"]
[EventCountry "SUI"]

1. d4 Nf6 2. c4 g6 3. Nc3 d5 4. cxd5 Nxd5 5. Bd2 Bg7 6. e4 Nb6 7. Be3 O-O 8. h3 e5
9. Nf3 exd4 10. Bxd4 Bh6 11. Be5 Qe7 12. Be2 Nc6 13. Bg3 Be6 14. O-O Rfd8 15. Qb1
Nd4 16. Nxd4 Rxd4 17. Rd1 Rxd1+ 18. Qxd1 Rd8 19. Qe1 Bd2 20. Qf1 c6 21. f4 Qb4 22.
f5 gxf5 23. exf5 Qc5+ 24. Kh2 Qxf5 25. Bf3 Bf4 26. Rd1 Bxg3+ 27. Kxg3 Qe5+ 28. Kf2
Qc5+ 29. Kg3 Qe5+ 30. Kf2 Rxd1 31. Qxd1 Nd5 32. Qd2 Nxc3 33. bxc3 Kg7 34. Kg1 a5
35. Kh1 h6 36. Qb2 Qe1+ 37. Kh2 Qe5+ 38. Kh1 Bc8 39. Qa3 Be6 40. Qb2 Bc8 41. Qa3
Qg5 42. Qb2 Qf6 43. Qa3 b6 44. c4 Bf5 45. Qa4 Bxh3 46. Bxc6 Be6 47. Bb5 Qf1+ 48.
Kh2 Qf4+ 49. Kh1 h5 50. Qc2 Qh4+ 51. Kg1 Qe1+ 52. Kh2 Qe5+ 53. Kh1 h4 54. Qf2 Qe4
55. Kh2 Bxc4 56. Bxc4 Qxc4 57. Qxb6 Qf4+ 58. Kh1 a4 59. Qb2+ Kg8 60. Qa3 Kg7 61.
Qb2+ Kg6 62. Qc3 f6 63. Qc8 Qd4 64. Qc2+ Kg5 65. Qe2 Qa1+ 66. Kh2 Qe5+  0-1

[Event "Biel Chess Festival 2024 - Master tournament"]
[Site "Biel/Bienne"]
[Date "2024.07.20"]
[Round "6"]
[Board "50"]
[White "Woong, Zhi Wei William"]
[Black "Woltery, Nicolai"]
[Result "1-0"]
[WhiteElo "2139"]
[BlackElo "2016"]
[PlyCount "0"]
[EventDate "2024.07.15"]
[EventRounds "10"]
[EventCountry "SUI"]

1. e4 d5 2. exd5 Qxd5 3. Nc3 Qd6 4. d4 Nf6 5. Nge2 g6 6. Bf4 Qd8 7. Qd2 Bg7 8. O-O-O
O-O 9. f3 a6 10. h4 h5 11. g4 hxg4 12. h5 Nxh5 13. Bh6 e5 14. Bg2 Re8 15. d5 Qe7
16. Rxh5 gxh5 17. Ng3 Bxh6 18. Qxh6 Qd6 19. Qxh5 Qg6 20. Qh4 Qh7 21. Nh5 Kf8 22.
fxg4 Nd7 23. Be4 Qh8 24. Rf1 Nc5 25. Qf2 Re7 26. Qxc5 Bxg4 27. Nf6 Bh3 28. d6 cxd6
29. Qxd6 Qh6+ 30. Kb1 Bxf1 31. Ncd5 Re8 32. Nxe7 Rxe7 33. Nd7+ Kg7 34. Qxe7 Qd2 35.
Qf8#  1-0

[Event "Biel Chess Festival 2024 - Master tournament"]
[Site "Biel/Bienne"]
[Date "2024.07.20"]
[Round "6"]
[Board "56"]
[White "Pinelli, Gian"]
[Black "Borner, Daniel"]
[Result "1/2-1/2"]
[WhiteElo "1929"]
[BlackElo "2075"]
[PlyCount "0"]
[EventDate "2024.07.15"]
[EventRounds "10"]
[EventCountry "SUI"]

1. d4 Nf6 2. c4 g6 3. Nc3 Bg7 4. e4 d6 5. Be2 O-O 6. Bg5 h6 7. Be3 c5 8. d5 e6 9.
Qd2 exd5 10. exd5 Kh7 11. Nf3 Re8 12. h3 Bf5 13. Bd3 Ne4 14. Nxe4 Bxe4 15. Bxe4 Rxe4
16. Qc2 Qa5+ 17. Nd2 Re7 18. O-O Nd7 19. Ne4 Qc7 20. Bd2 Rae8 21. Ng3 Nf6 22. Rae1
b5 23. b3 bxc4 24. bxc4 Rxe1 25. Rxe1 Rxe1+ 26. Bxe1 Qe7 27. Bc3 Nd7 28. Bxg7 Kxg7
29. Qe4 Qf6 30. Qg4 Qa1+ 31. Kh2 Nf6 32. Qe2 Qd4 33. Nf1 h5 34. Ne3 Qe5+ 35. Kg1
Qd4 36. Qc2 Ne4 37. Qc1 Kh7 38. Qd1 Qe5 39. Qa4 Kg7 40. Qb3 Qa1+ 41. Nd1 Kg8 42.
Qc2 Qd4 43. Ne3 Qa1+ 44. Nd1 Nc3 45. Qxc3 Qxd1+ 46. Kh2 Qe2 47. Qb3 Kg7 48. f3 Qe5+
49. Kh1 h4 50. Qc2 Kf6 51. Kg1 Qe1+ 52. Kh2 Qe3 53. Qa4 Kg5 54. Qd7 Qe5+ 55. Kh1
f5 56. Qd8+ Kh5 57. Kg1 Qe1+ 58. Kh2 Qg3+ 59. Kh1 Qe1+ 60. Kh2  1/2-1/2

[Event "Biel Chess Festival 2024 - Master tournament"]
[Site "Biel/Bienne"]
[Date "2024.07.20"]
[Round "6"]
[Board "57"]
[White "Mata, Adilson"]
[Black "Monteverde, Jonathan"]
[Result "1-0"]
[WhiteElo "1973"]
[BlackElo "2059"]
[PlyCount "0"]
[EventDate "2024.07.15"]
[EventRounds "10"]
[EventCountry "SUI"]

1. e4 c5 2. Nf3 d6 3. d4 cxd4 4. Nxd4 Nf6 5. Nc3 a6 6. h3 e5 7. Nf3 Be7 8. g4 h6
9. Rg1 Nbd7 10. g5 hxg5 11. Nxg5 b5 12. a4 b4 13. Nd5 Bb7 14. Bc4 Nxd5 15. exd5 Rc8
16. b3 Nb6 17. Qf3 Bf6 18. Rg4 Rc7 19. Be3 Nxc4 20. bxc4 Bc8 21. c5 Bxg4 22. Qxg4
dxc5 23. O-O-O Qd7 24. d6 Qxg4 25. hxg4 Rc6 26. d7+ Ke7 27. Ne4 c4 28. g5 Bxg5 29.
Bxg5+ f6 30. Be3 Rd8 31. Bc5+ Ke6 32. Bxb4  1-0